De la gramatología
El texto entrecruza diferentes áreas disciplinarias bajo un mismo objeto: demostrar que la posibilidad de la escritura en general fundamente la posibilidad misma de la lengua. En este sentido, el eje central del análisis es una reforma al concepto de escritura, sobre lo que trata la primera parte. L...
Bewaard in:
| Hoofdauteur: | |
|---|---|
| Formaat: | Boek |
| Taal: | Undetermined |
| Gepubliceerd in: |
Buenos Aires, Argentina
Siglo XXI
1971
|
| Onderwerpen: | |
| Tags: |
Voeg label toe
Geen labels, Wees de eerste die dit record labelt!
|
MARC
| LEADER | 00000nam a2200000Ia 4500 | ||
|---|---|---|---|
| 008 | 170316s9999 xx 000 0 und d | ||
| 040 | |a cru BVZT | ||
| 090 | |a 100 D-17de | ||
| 100 | |a Derrida, Jacques |9 1671 | ||
| 245 | |a De la gramatología |c / Jacques Derrida | ||
| 260 | |a Buenos Aires, Argentina |b Siglo XXI |c 1971 | ||
| 300 | |a 399 páginas | ||
| 520 | |a El texto entrecruza diferentes áreas disciplinarias bajo un mismo objeto: demostrar que la posibilidad de la escritura en general fundamente la posibilidad misma de la lengua. En este sentido, el eje central del análisis es una reforma al concepto de escritura, sobre lo que trata la primera parte. La segunda parte se sumerge en la íntima relación entre los fenómenos de la naturaleza, la escritura y la cultura. | ||
| 650 | |a FILOSOFÍA |9 5 | ||
| 650 | |a LA ESCRITURA |9 1398 | ||
| 650 | |a ROUSSEAU |9 1672 | ||
| 650 | |a LEVI - STRAUSS |9 1673 | ||
| 650 | |a ENSAYO - ORIGEN DE LAS LENGUAS |9 1674 | ||
| 650 | |a LINGÜÍSTICA |9 55 | ||
| 650 | |a GRAMATOLOGIA |9 1675 | ||
| 999 | |c 16012 |d 16012 | ||
| 942 | |c 4 D |h 100 D-17de |2 z | ||
